00965nam a22002417a 450000500170000001000150001702000260003203500140005803700130007208200150008510000300010024500920013025000060022226000440022827001100027230000400038250000480042270000400047070000370051094200290054799900190057695201280059520231219124036.0 aENG-138611 c9789389740189a795.00 aEN-122143 bDBAD/PUB a371.83221 aRao, K. Ravikanth 959943 aDrama and Art in Education/bBy K. Ravikanth Rao; P. Ananad Kumar and K.N.Krishna Kumar a1 aNew DelhibNeelkamal Publicationsc2020 a4764/1, 23, Ansari Road, DaryaganjbNew Delhie110002k011-23244237k9811828953mneelkamalbooks@gmail.com aix,186p.c24cm(hbk)b illustrations aincluding biographical references and index aP. Ananad Kumar and eAuthor959944 aK.N.Krishna KumareAuthor959945 2ddccENh371.832mRAOe1 c199692d199692 001040708NFICaLbLd2023-12-19eDBADg795.00l0o371.832 RAOpEN-122143r2023-12-19 00:00:00t1v795.00w2023-12-19yEN